02057cam a2200337Ia 450000100090000000300060000900500170001500800410003202000150007302000180008803500380010604000830014405000240022710000320025124500810028325000200036426001070038430000530049133600260054433700280057033800270059850000190062550506130064450502500125765000450150765000250155265000390157765000450161665000390166170000190170048590606OCoLC20210111164130.0011213s2001 mnuab f 001 0 eng d a1850783578 a9781850783572 a(OCoLC)48590606z(OCoLC)458284491 aTWVbengcTWVdOCLdOCLCQdBAKERdYDXCPdHNWdSORdOCLCFdMXLdOCLCQdOCLdRCT 4aBV2063b.J5827 20011 aJohnstone, Patrick J. St. G10aOperation world /cPatrick Johnstone and Jason Mandryk, with Robyn Johnstone a21st century ed a[Minneapolis, Minn.] :bBethany House ;aGerrards Cross, Bucks [England] :bWEC International,c©2001 axxiii, 798 pages :billustrations, maps ;c23 cm atextbtxt2rdacontent aunmediatedbn2rdamedia avolumebnc2rdacarrier aIncludes index0 aAfghanistan -- to -- Zimbabwe -- Specialized ministries: Audio cassette tape ministries -- Christian radio -- Christian television -- The Jesus film -- The internet -- Bible societies and Bible translation -- Christian literature -- Theological education by extension -- Bible correspondence courses -- Relief and development -- Medical mission work -- Missionary aviation -- Maritime ministry -- Christian tentmakers -- Short-term workers -- Student ministries -- Ministry to children -- Outreach to sects or cults -- Urban evangelization -- International cooperation -- Operation world -- The Lord's return0 aAppendices: Leaders of the world's nations -- Further prayer information -- Agencies (selected) -- The world's missionary force -- Abbreviations -- Definitions -- Operation World database -- Statistical sources -- other Operation World resources 0aMissionsvPrayers and devotionsxEnglish 0aDevotional calendars 0aReligionsvHandbooks, manuals, etc 0aChristian sectsvHandbooks, manuals, etc 0aGeographyvHandbooks, manuals, etc1 aMandryk, Jason